Central Library OPAC University of Rajshahi

রবীন্দ্রনাথ ও মোগল সংস্কৃতি / (Record no. 39818)

MARC details
000 -LEADER
fixed length control field 01149nam a2200241 a 4500
001 - CONTROL NUMBER
control field 39818
003 - CONTROL NUMBER IDENTIFIER
rucl marc code BD-RjUL
005 - DATE AND TIME OF LATEST TRANSACTION
control field 20211209053050.0
008 - FIXED-LENGTH DATA ELEMENTS--GENERAL INFORMATION
fixed length control field 160418r20141998bg ||||| |||| 001 0 ben d
020 ## - INTERNATIONAL STANDARD BOOK NUMBER
International Standard Book Number 9789845061889
Terms of availability : Tk. 400.00
035 ## - SYSTEM CONTROL NUMBER
System control number (BD-RjUL) 39931
040 ## - CATALOGING SOURCE
Original cataloging agency BD-RjUL
Language of cataloging ben
Transcribing agency BD-RjUL
041 ## - LANGUAGE CODE
Language code of text/sound track or separate title ben
082 ## - DEWEY DECIMAL CLASSIFICATION NUMBER
Edition number 23
Classification number 891.4414
Author mark and year HOR 2014
100 ## - MAIN ENTRY--PERSONAL NAME
Personal name হোসেন, কামাল উদ্দিন
9 (RLIN) 122648
245 10 - TITLE STATEMENT
Title রবীন্দ্রনাথ ও মোগল সংস্কৃতি /
Statement of responsibility, etc. কামাল উদ্দিন হোসেন
260 ## - PUBLICATION, DISTRIBUTION, ETC. (IMPRINT)
Place of publication, distribution, etc. ঢাকা :
Name of publisher, distributor, etc. দি িইউনিভার্সিটি প্রেস লিমিটেড,
Date of publication, distribution, etc. ১৯৯৮ [মুদ্রণ ২০১৪]
300 ## - PHYSICAL DESCRIPTION
Pagination xv, ৩২২ পৃ. ;
Size ২২ সেমি.
504 ## - BIBLIOGRAPHY, ETC. NOTE
Bibliography, etc তথ্য নির্দেশ ও নির্ঘণ্ট সংযুক্ত
600 ## - SUBJECT ADDED ENTRY--PERSONAL NAME
Personal name ঠাকুর, রবীন্দ্রনাথ
Dates associated with a name ১৮৬১-১৯৪১
General subdivision বাংলা সাহিত্য
Personal name Tagore, Rabindranath
Dates associated with a name 1861-1941
General subdivision Benglali literature
942 ## - ADDED ENTRY ELEMENTS (KOHA)
Source of classification or shelving scheme Dewey Decimal Classification
Koha item type Books
Holdings
Lost status Source of classification or shelving scheme Damaged status Not for loan Collection code Permanent Location Current Location Shelving location Date acquired Source of acquisition Cost, normal purchase price Total Checkouts Full call number Date last seen Copy number Koha item type Date checked out
  Dewey Decimal Classification   Not For Loan Non-fiction Central Library, University of Rajshahi Central Library, University of Rajshahi Reading Room 16/04/2016 RU 400.00   B 891.4414 HOR 2014 18/04/2016 C-1 Books  
  Dewey Decimal Classification     Non-fiction Central Library, University of Rajshahi Central Library, University of Rajshahi   16/04/2016 RU 400.00 2 B 891.4414 HOR 2014 27/06/2022 C-2 Books 20/06/2022
  Dewey Decimal Classification     Non-fiction Central Library, University of Rajshahi Central Library, University of Rajshahi   16/04/2016 RU 400.00   B 891.4414 HOR 2014 18/04/2016 C-3 Books  
  Dewey Decimal Classification       Central Library, University of Rajshahi Central Library, University of Rajshahi   13/06/2000       B 891.4414 HOR 2014 08/03/2017 C-4 Books  
  Dewey Decimal Classification     Non-fiction Central Library, University of Rajshahi Central Library, University of Rajshahi   30/03/2017 Rajshahi Vidyasagar 400.00   B 891.4414 HOR 2014 13/03/2018 C-5 Books  
  Dewey Decimal Classification     Non-fiction Central Library, University of Rajshahi Central Library, University of Rajshahi   30/03/2017 Rajshahi Vidyasagar 400.00   B 891.4414 HOR 2014 13/03/2018 C-6 Books  
  Dewey Decimal Classification     Non-fiction Central Library, University of Rajshahi Central Library, University of Rajshahi   30/03/2017 Rajshahi Vidyasagar 400.00   B 891.4414 HOR 2014 13/03/2018 C-7 Books